[Event "OPEN INER 2022"]
[Site "salle des fêtes de Saint Denis"]
[Date "2022.10.13"]
[Round "3.2"]
[White "De Peindray D'Ambell, Philippe"]
[Black "Larmet, Nino"]
[Result "1-0"]
[WhiteElo "1788"]
[BlackElo "2023"]
[PlyCount "73"]
[EventDate "2022.??.??"]

1. e4 e5 2. Nf3 Nc6 3. d4 exd4 4. Bc4 Bc5 5. c3 Nf6 6. cxd4 Bb4+ 7. Bd2 Bxd2+
8. Nbxd2 d5 9. exd5 Nxd5 10. O-O O-O 11. a3 Nb6 12. Bd3 Nxd4 13. Nxd4 Qxd4 14.
Qc2 h6 15. Rad1 Bg4 16. Nf3 Qf6 17. Be4 c6 18. h3 Be6 19. a4 Bd5 20. a5 Bxe4
21. Qxe4 Nd5 22. a6 b6 23. Qc4 Nf4 24. Kh2 c5 25. Rd7 Ne6 26. Re1 Rfd8 27. Rb7
Rd6 28. Qe4 Rdd8 29. Qe5 Qg6 30. Re4 Re8 31. Nh4 Qg5 32. Qxg5 hxg5 33. Nf5 Reb8
34. Ne7+ Kf8 35. Nc6 Rc8 36. Nxa7 Rc7 37. Rxe6 1-0

[Event "OPEN INER 2022"]
[Site "salle des fêtes de Saint Denis"]
[Date "2022.10.13"]
[Round "3.3"]
[White "Mezouaghi, Miloud"]
[Black "Desire, Michael"]
[Result "1-0"]
[WhiteElo "1987"]
[BlackElo "1670"]
[PlyCount "79"]
[EventDate "2022.??.??"]

1. Nf3 b6 2. c4 e6 3. g3 Bb7 4. Bg2 g6 5. O-O Bg7 6. Nc3 d6 7. d4 h6 8. a3 a5
9. Qc2 Ne7 10. Rd1 Nd7 11. e4 Qb8 12. Rb1 O-O 13. b4 axb4 14. axb4 g5 15. h3
Ng6 16. Be3 Qd8 17. c5 Qe7 18. Nd2 Nf6 19. Nc4 Nd7 20. cxd6 cxd6 21. e5 Bxg2
22. exd6 Qf6 23. Kxg2 Rfc8 24. Qd3 Bf8 25. Nb5 Ra4 26. Rdc1 h5 27. Nc3 Raa8 28.
Nb5 Ra4 29. Qe2 h4 30. Qg4 hxg3 31. Qxg5 gxf2 32. Qxf6 Nxf6 33. Ne5 Rd8 34. Bg5
Bg7 35. d7 Ne7 36. Rc7 Ra2 37. Rbc1 Kf8 38. Rc8 Ra8 39. Rxa8 Rxa8 40. Nd6 1-0

[Event "OPEN INER 2022"]
[Site "salle des fêtes de Saint Denis"]
[Date "2022.10.13"]
[Round "3.4"]
[White "Triton, Maxime"]
[Black "Folio, Thomas"]
[Result "1-0"]
[WhiteElo "1888"]
[BlackElo "1431"]
[PlyCount "171"]
[EventDate "2022.??.??"]

1. e4 c5 2. Nf3 Nc6 3. Bb5 Nd4 4. Nxd4 cxd4 5. c3 dxc3 6. Nxc3 a6 7. Bc4 e6 8.
O-O Nf6 9. Bb3 d5 10. e5 Nd7 11. d4 b5 12. f4 Nb6 13. Bc2 g6 14. Kh1 Bb7 15. a4
b4 16. a5 bxc3 17. axb6 Qxb6 18. bxc3 Be7 19. Ba4+ Kf8 20. f5 exf5 21. Rb1 Qc7
22. Bh6+ Kg8 23. Rxf5 Bc6 24. Rf3 Bxa4 25. Qxa4 Bf8 26. Bxf8 Kxf8 27. Rbf1 f5
28. exf6 Kf7 29. Qb3 Qc6 30. Re3 Rhe8 31. Re5 Rxe5 32. dxe5 Re8 33. Re1 Qxf6
34. Qxd5+ Qe6 35. c4 Re7 36. h3 Kg7 37. Qe4 Rc7 38. Qd5 Re7 39. Kh2 a5 40. Re3
a4 41. Qxe6 Rxe6 42. Ra3 Rxe5 43. Rxa4 Rc5 44. Kg3 Kf6 45. Kf4 Rc6 46. Ke4 Ke6
47. Kd4 Rd6+ 48. Ke3 h5 49. Ra2 Rb6 50. Rc2 Rb1 51. Kd4 Kd6 52. Ke4 Kc5 53. Kf4
Rb6 54. Kg5 Rd6 55. Rf2 Kxc4 56. Rf6 Rd2 57. Rxg6 Rxg2+ 58. Kxh5 Rh2 59. Kg4
Rg2+ 60. Kf5 Rf2+ 61. Ke4 Re2+ 62. Kf3 Rh2 63. Kg3 Rh1 64. Rd6 Rg1+ 65. Kf4 Rh1
66. Kg4 Rg1+ 67. Kh5 Kc5 68. Rd2 Rg8 69. h4 Rh8+ 70. Kg4 Rg8+ 71. Kf5 Rh8 72.
Rh2 Kd5 73. h5 Kd6 74. Kf6 Rf8+ 75. Kg7 Rf1 76. Rg2 Ke7 77. h6 Rf7+ 78. Kg8
Rf8+ 79. Kg7 Rf7+ 80. Kg6 Rf6+ 81. Kg5 Kf7 82. Rh2 Rg6+ 83. Kf5 Rf6+ 84. Ke5
Re6+ 85. Kf4 Kg6 86. h7 1-0

[Event "OPEN INER 2022"]
[Site "salle des fêtes de Saint Denis"]
[Date "2022.10.13"]
[Round "3.5"]
[White "Lallemand, Eric"]
[Black "Riviere, Etienne"]
[Result "0-1"]
[WhiteElo "1199"]
[BlackElo "1886"]
[PlyCount "114"]
[EventDate "2022.??.??"]

1. e4 c5 2. Nf3 d6 3. Bc4 Nf6 4. Nc3 a6 5. a4 e6 6. d4 cxd4 7. Nxd4 Nxe4 8.
Nxe4 d5 9. Bxd5 Qxd5 10. f3 Bb4+ 11. c3 Be7 12. Be3 O-O 13. O-O Bd7 14. Qe2 e5
15. c4 Qa5 16. Nc2 Be6 17. b3 Rc8 18. Rfd1 Nd7 19. Nd6 Rc6 20. Ne4 Qc7 21. Rd2
Rc8 22. g4 b5 23. axb5 axb5 24. Ra7 Qb8 25. cxb5 R6c7 26. Rxc7 Qxc7 27. b4 Bc4
28. Qf2 Bxb5 29. Bc5 Nxc5 30. bxc5 h6 31. Nd6 Rb8 32. Kg2 Bc6 33. Qe2 Bg5 34.
Rd3 Rb2 35. Nc4 Ra2 36. Ra3 Rxa3 37. N2xa3 Bf4 38. Qd3 Qb7 39. Nb6 e4 40. Qd8+
Kh7 41. fxe4 Bxe4+ 42. Kf2 Bxh2 43. Qd7 Qa6 44. Qd4 Bg6 45. Nbc4 Qc6 46. Qe3
Qh1 47. Qf3 Qg1+ 48. Ke2 Qxc5 49. Qe3 Qd5 50. Qf3 Qe6+ 51. Kd2 Be4 52. Qh3 Bf4+
53. Kc3 Qf6+ 54. Kb3 Qd4 55. Nb5 Bc2+ 56. Kxc2 Qxc4+ 57. Nc3 Be5 0-1

[Event "OPEN INER 2022"]
[Site "salle des fêtes de Saint Denis"]
[Date "2022.10.13"]
[Round "3.6"]
[White "Fondrat, Johan"]
[Black "Hamon, Christian"]
[Result "1-0"]
[WhiteElo "1742"]
[BlackElo "1956"]
[PlyCount "97"]
[EventDate "2022.??.??"]

1. e4 c6 2. d4 d5 3. e5 Bf5 4. h4 h6 5. g4 Bg6 6. h5 Bh7 7. Bd3 Bxd3 8. Qxd3 e6
9. Ne2 Be7 10. Nd2 Nd7 11. c3 c5 12. O-O Qc7 13. a4 cxd4 14. cxd4 Bb4 15. f4
Ne7 16. f5 Rc8 17. fxe6 fxe6 18. Nf4 Qc2 19. Nf3 Qxd3 20. Nxd3 Nf8 21. Nf4 Nc6
22. Be3 Rg8 23. g5 Be7 24. g6 Nd8 25. Rac1 Rc6 26. Bd2 Nd7 27. Rxc6 bxc6 28. b4
Nb6 29. a5 Nc4 30. Bc3 Rf8 31. Ne1 Bg5 32. Ned3 a6 33. Kh2 Nb7 34. Kg3 Kd7 35.
Rf3 Rf5 36. Kg4 c5 37. dxc5 Nd8 38. Nxd5 Kc6 39. N5f4 Bxf4 40. Rxf4 Ne3+ 41.
Kf3 Rxf4+ 42. Nxf4 Nd5 43. Be1 Kb5 44. Nxd5 exd5 45. Ke2 Kc4 46. Bd2 Ne6 47.
Kd1 d4 48. c6 Kd5 49. Bxh6 1-0

[Event "OPEN INER 2022"]
[Site "salle des fêtes de Saint Denis"]
[Date "2022.10.13"]
[Round "3.7"]
[White "Frelicot, Eric"]
[Black "Sawmynaden, Vicken"]
[Result "0-1"]
[WhiteElo "1560"]
[BlackElo "1644"]
[PlyCount "116"]
[EventDate "2022.??.??"]

1. d4 d5 2. Bf4 g6 3. Nc3 Nf6 4. e3 a6 5. Nf3 Nc6 6. Be2 Bg7 7. Ne5 Bd7 8. h4
Be6 9. h5 Nxe5 10. Bxe5 Qd7 11. hxg6 hxg6 12. Rxh8+ Bxh8 13. f3 O-O-O 14. Qd2
Nh5 15. Bxh8 Rxh8 16. O-O-O Ng3 17. Bd3 Bf5 18. e4 dxe4 19. Bxe4 Bxe4 20. fxe4
Qg4 21. Re1 Rh2 22. b3 Nh5 23. Nd5 Qxg2 24. Qc3 Qg3 25. Re3 Qd6 26. Kb2 e6 27.
Nb4 a5 28. Nd3 b6 29. a4 Kb7 30. e5 Qd5 31. Qc4 Qxc4 32. bxc4 Ng7 33. d5 Nf5
34. Re4 Rh4 35. Rxh4 Nxh4 36. dxe6 fxe6 37. Nf4 g5 38. Nxe6 g4 39. Nf4 g3 40.
Kc3 g2 41. Nh3 Nf3 42. e6 Kc8 43. Kd3 g1=Q 44. Nxg1 Nxg1 45. Ke4 Nh3 46. Kd5
Nf4+ 47. Ke5 Ng6+ 48. Kf6 Nh8 49. Kg7 Kd8 50. Kxh8 Ke7 51. Kg7 Kxe6 52. Kf8 Kd6
53. Ke8 Kc5 54. Kd7 c6 55. Kc7 b5 56. cxb5 cxb5 57. axb5 Kxb5 58. Kd6 Kc4 0-1

[Event "OPEN INER 2022"]
[Site "salle des fêtes de Saint Denis"]
[Date "2022.10.13"]
[Round "3.8"]
[White "Lallemand, Philippe"]
[Black "Fondrat, Thierry"]
[Result "1-0"]
[WhiteElo "1840"]
[BlackElo "1217"]
[PlyCount "119"]
[EventDate "2022.??.??"]

1. d4 Nf6 2. Bf4 g6 3. Nf3 Bg7 4. e3 d6 5. Be2 c5 6. O-O cxd4 7. exd4 Qb6 8.
Qc1 O-O 9. Nbd2 Nc6 10. c3 a6 11. Bd3 Qd8 12. h3 Re8 13. Bc2 b5 14. Re1 Bb7 15.
Ne4 Na5 16. Nfd2 Rc8 17. Nxf6+ Bxf6 18. Ne4 Bg7 19. Qd1 e5 20. dxe5 dxe5 21.
Nd6 Qc7 22. Nxe8 Rxe8 23. Bg3 Nc4 24. Re2 Nxb2 25. Qe1 Nc4 26. Bd3 f6 27. Rc1
Qc5 28. Kh2 Nd6 29. f3 f5 30. Bc2 Kh8 31. Rd1 Rd8 32. Bf2 Qa3 33. Bb3 Nc4 34.
Bxc4 bxc4 35. f4 Qe7 36. Bg3 Be4 37. fxe5 Bxe5 38. Bxe5+ Qxe5+ 39. Kg1 Kg8 40.
Rd4 Qc5 41. Qh4 Qb6 42. Qf4 Rd7 43. Qf2 Rxd4 44. Qxd4 Qxd4+ 45. cxd4 c3 46. Re3
c2 47. Rc3 Kf7 48. Kf2 Ke6 49. Rc5 h6 50. g3 h5 51. h4 Kd7 52. Ke3 Kd6 53. Kd2
Kd7 54. a4 a5 55. Rxa5 Kd6 56. Rc5 Bc6 57. a5 Be4 58. a6 Kd7 59. a7 Kd6 60.
Rxc2 1-0

[Event "OPEN INER 2022"]
[Site "salle des fêtes de Saint Denis"]
[Date "2022.10.13"]
[Round "3.9"]
[White "Daoudjee, Hishame"]
[Black "Jotee, Ashvin"]
[Result "0-1"]
[WhiteElo "1199"]
[BlackElo "1815"]
[PlyCount "88"]
[EventDate "2022.??.??"]

1. e4 e6 2. Nf3 d5 3. e5 c5 4. d4 Nc6 5. c3 Bd7 6. Na3 cxd4 7. cxd4 Qb6 8. Nc2
Nge7 9. Be2 Na5 10. b3 Bb5 11. O-O Nf5 12. Bd2 Nc6 13. Bc3 Be7 14. Re1 Rc8 15.
Rc1 Bxe2 16. Rxe2 Nh4 17. Qd2 Nxf3+ 18. gxf3 h5 19. Ree1 Rh6 20. Kh1 Rg6 21. f4
Kd7 22. f3 a5 23. Rb1 Nb4 24. Rb2 Nxc2 25. Rxc2 Ba3 26. Bxa5 Rxc2 27. Qxc2 Qxa5
28. Rg1 Rxg1+ 29. Kxg1 g6 30. h4 Qe1+ 31. Kg2 Qxh4 32. f5 Qg5+ 33. Kh3 Qxf5+
34. Qxf5 gxf5 35. Kh4 Bb2 36. f4 Bxd4 37. Kxh5 Be3 38. Kg5 d4 39. Kf6 Ke8 40.
a4 d3 41. b4 d2 42. a5 d1=Q 43. b5 Qg1 44. a6 Qg6# 0-1

[Event "OPEN INER 2022"]
[Site "salle des fêtes de Saint Denis"]
[Date "2022.10.13"]
[Round "3.10"]
[White "Epinoux, Jean-Marc"]
[Black "Lam Kin Cheung, Stephane"]
[Result "0-1"]
[WhiteElo "1640"]
[BlackElo "1199"]
[PlyCount "86"]
[EventDate "2022.??.??"]

1. d4 Nf6 2. c4 e6 3. g3 d5 4. Bg2 Be7 5. Nf3 O-O 6. cxd5 exd5 7. O-O Bf5 8.
Nc3 c6 9. a3 a5 10. e3 Nbd7 11. Nd2 Re8 12. e4 dxe4 13. Ndxe4 Nxe4 14. Nxe4 Nf6
15. Nc3 Qd7 16. Be3 Bh3 17. Qd2 Rad8 18. Rfe1 Bxg2 19. Kxg2 Nd5 20. Nxd5 Qxd5+
21. Kg1 Bf6 22. Rad1 h6 23. Qc3 Re7 24. Re2 Re4 25. Red2 a4 26. Qc5 Qb3 27. Qc3
Qe6 28. Rc1 Qd5 29. Qc5 Qd7 30. Rcd1 Be7 31. Qc2 Re6 32. d5 Rd6 33. Bb6 Rc8 34.
Bc5 cxd5 35. Rd3 b6 36. Rc3 Rxc5 37. Rxc5 bxc5 38. Qxc5 d4 39. Rc1 Rd5 40. Qc8+
Qxc8 41. Rxc8+ Kh7 42. Kf1 d3 43. Rc1 Bf6 0-1

[Event "OPEN INER 2022"]
[Site "salle des fêtes de Saint Denis"]
[Date "2022.10.13"]
[Round "3.11"]
[White "Francou, Yvon"]
[Black "Lebihan, Mahe"]
[Result "1-0"]
[WhiteElo "1639"]
[BlackElo "1199"]
[PlyCount "111"]
[EventDate "2022.??.??"]

1. e4 d5 2. exd5 Qxd5 3. Nc3 Qa5 4. d4 c6 5. Bc4 Nf6 6. Nf3 Bg4 7. Qd3 e6 8.
O-O Bd6 9. Ne4 Nxe4 10. Qxe4 Bf5 11. Qe2 h6 12. Bb3 Nd7 13. c4 O-O 14. c5 Be7
15. Bf4 Nf6 16. Ne5 Nd5 17. Bg3 Qd8 18. Nc4 b6 19. Bd6 Nf6 20. Rfd1 Bxd6 21.
Nxd6 Bg6 22. Bc2 Bxc2 23. Qxc2 Ne8 24. Nc4 Nf6 25. a3 b5 26. Ne5 Qc7 27. Qe2 a5
28. Rd3 Nd5 29. Qd2 Kh7 30. Rh3 Rg8 31. Ng4 Nf4 32. Rh4 f5 33. Nxh6 g5 34. Rxf4
gxf4 35. Nxg8 Kxg8 36. Qe2 Re8 37. Rd1 Kg7 38. Rd3 Kf6 39. Qh5 Rg8 40. Rh3 Qg7
41. Qf3 Qc7 42. Rh4 Kg5 43. Qh5+ Kf6 44. Qh6+ Rg6 45. Qxf4 Qxf4 46. Rxf4 e5 47.
Rh4 e4 48. Kf1 Ke6 49. Rh8 a4 50. g3 Kd5 51. Rd8+ Ke6 52. Rd6+ Kf7 53. Rxg6
Kxg6 54. Ke2 Kg5 55. Ke3 Kg4 56. d5 1-0

[Event "OPEN INER 2022"]
[Site "salle des fêtes de Saint Denis"]
[Date "2022.10.13"]
[Round "3.12"]
[White "Boyer, Mathis"]
[Black "Bah, Ismael"]
[Result "0-1"]
[WhiteElo "1190"]
[BlackElo "1588"]
[PlyCount "101"]
[EventDate "2022.??.??"]

1. e4 d6 2. d4 g6 3. Nc3 Bg7 4. Nf3 Nf6 5. h3 Nc6 6. d5 Nb8 7. Bg5 c6 8. Qd2 h6
9. Bh4 cxd5 10. Bxf6 Bxf6 11. exd5 Nd7 12. Bb5 a6 13. Bxd7+ Bxd7 14. O-O-O Qa5
15. Nd4 Rc8 16. Nb3 Qc7 17. Ne4 Bg7 18. Rde1 h5 19. f4 Bf5 20. Na5 O-O 21. Nb3
Qc4 22. Nc3 Rfe8 23. Na5 Qc7 24. Ne4 Qb6 25. Nb3 Rc4 26. Qe2 Rxe4 27. Qd2 Rxe1+
28. Rxe1 Qc7 29. Qe2 Qc8 30. Rg1 Bd7 31. g4 hxg4 32. hxg4 e6 33. dxe6 Bxe6 34.
Qf3 Bxb3 35. Qxb3 Qe6 36. Qa3 Qe3+ 37. Qxe3 Rxe3 38. g5 Rf3 39. Rd1 Bf8 40. Rd4
Re3 41. Kd2 Re8 42. b3 Kg7 43. c4 b6 44. Kd3 f6 45. Re4 Rc8 46. b4 fxg5 47.
fxg5 Kf7 48. a3 Be7 49. Rd4 Rc7 50. Rd5 Rc8 51. Rd4 0-1

[Event "OPEN INER 2022"]
[Site "salle des fêtes de Saint Denis"]
[Date "2022.10.13"]
[Round "3.13"]
[White "Naquin, Miguel"]
[Black "Lee Luen Mang, Stefan"]
[Result "0-1"]
[WhiteElo "1099"]
[BlackElo "1557"]
[PlyCount "76"]
[EventDate "2022.??.??"]

1. d4 d5 2. c4 c6 3. Nc3 Nf6 4. Bf4 Bf5 5. Nf3 dxc4 6. e3 b5 7. b3 e6 8. bxc4
Qa5 9. Rc1 b4 10. Na4 b3+ 11. Nd2 Qxa4 12. axb3 Qa5 13. Ra1 Qd8 14. Be2 Bb4 15.
O-O O-O 16. Nf3 Bd6 17. Bxd6 Qxd6 18. c5 Qc7 19. Ne5 Nbd7 20. Nxd7 Qxd7 21. Bf3
Rfe8 22. Re1 Ne4 23. Bg4 e5 24. f3 Bxg4 25. fxg4 Rad8 26. Qc2 exd4 27. exd4
Qxd4+ 28. Kh1 Nf2+ 29. Kg1 Nd3+ 30. Kf1 Rxe1+ 31. Rxe1 Nxe1 32. Kxe1 Qg1+ 33.
Ke2 Qxg2+ 34. Ke3 Qxc2 35. Kf4 Rd5 36. g5 Qd3 37. g6 Rd4+ 38. Ke5 Qe4# 0-1

[Event "OPEN INER 2022"]
[Site "salle des fêtes de Saint Denis"]
[Date "2022.10.13"]
[Round "3.14"]
[White "Folio, Pierre"]
[Black "Giraud, Marius"]
[Result "1-0"]
[WhiteElo "1432"]
[BlackElo "1063"]
[PlyCount "23"]
[EventDate "2022.??.??"]

1. e4 e5 2. Bc4 Nf6 3. d4 exd4 4. Nf3 Bc5 5. e5 Ng4 6. O-O Nc6 7. Bxf7+ Kxf7 8.
Ng5+ Kg8 9. Qxg4 Nxe5 10. Qe4 Ng6 11. Qd5+ Kf8 12. Qf7# 1-0

[Event "OPEN INER 2022"]
[Site "salle des fêtes de Saint Denis"]
[Date "2022.10.13"]
[Round "3.15"]
[White "Rosamel, Manua"]
[Black "Molines, Martin"]
[Result "1-0"]
[WhiteElo "1319"]
[BlackElo "1037"]
[PlyCount "59"]
[EventDate "2022.??.??"]

1. e4 e5 2. Nf3 Nc6 3. Bc4 Bc5 4. O-O Nf6 5. d4 Bxd4 6. Nxd4 Nxd4 7. Bg5 h6 8.
Bh4 O-O 9. f4 d6 10. fxe5 dxe5 11. Bxf6 gxf6 12. c3 b5 13. Bd3 a6 14. Nd2 Ne6
15. Rf3 Nf4 16. Rg3+ Kh7 17. Be2 b4 18. Bg4 Rg8 19. Bxc8 Rxc8 20. Rxg8 Qxg8 21.
g3 bxc3 22. bxc3 Rd8 23. Kh1 Nd3 24. Qf3 Qg5 25. Nf1 Nc5 26. Re1 Rd3 27. Re3
Rxe3 28. Nxe3 Qg6 29. Nd5 Qxe4 30. Nxf6+ 1-0

[Event "OPEN INER 2022"]
[Site "salle des fêtes de Saint Denis"]
[Date "2022.10.13"]
[Round "3.16"]
[White "Giraud, Dimitri"]
[Black "Vadon Ramalanjaona, Mateotia"]
[Result "0-1"]
[WhiteElo "1054"]
[BlackElo "1314"]
[PlyCount "28"]
[EventDate "2022.??.??"]

1. e4 d5 2. f3 dxe4 3. fxe4 e5 4. Nf3 Bg4 5. Be2 Bxf3 6. Bxf3 Bc5 7. d3 Nf6 8.
Qe2 Nc6 9. Be3 Nd4 10. Qf2 Nxc2+ 11. Qxc2 Bxe3 12. Qa4+ Qd7 13. Qb4 Qxd3 14.
Qxb7 Rg8 (14... O-O 15. Qxc7 Rac8 16. Qxf7+ Rxf7 17. Be2 Rc1+) 0-1

[Event "OPEN INER 2022"]
[Site "salle des fêtes de Saint Denis"]
[Date "2022.10.13"]
[Round "3.17"]
[White "Folio, Raphael"]
[Black "Lai-Cheung-Kit, Lucie"]
[Result "1-0"]
[WhiteElo "1277"]
[BlackElo "1009"]
[PlyCount "4"]
[EventDate "2022.??.??"]

1. d4 d5 2. Nf3 c6 (2... Nc6 3. e3 Nf6 4. c4 e6 5. b3 Bb4+ 6. Bd2 Bxd2+ 7.
Nbxd2 O-O 8. a3 Re8 9. Bd3 b5 10. cxb5 Na5 11. O-O Rb8 12. Ne5 h6 13. b4 Nb7
14. Nc6 Qd7 15. Nxb8 Qe7 16. Nc6 Qd7 17. Nf3 Nd8 18. Nfe5 Bb7 19. Nxd7 Nxd7 20.
Nxa7 e5 21. Qg4 Nf6 22. Qf5 g6 23. Qxf6 c6 24. dxe5 Kh7 25. Rac1 cxb5 26. Nxb5
Ba6 27. Nc7 Rf8 28. Bxa6 h5 29. e6 fxe6 30. Qxf8 Nc6 31. Nxe6 g5 32. Qg7#) 1-0

[Event "OPEN INER 2022"]
[Site "salle des fêtes de Saint Denis"]
[Date "2022.10.13"]
[Round "3.19"]
[White "Sandjivy, Jean Marc"]
[Black "Cavillot-Delestage, Raphael"]
[Result "0-1"]
[WhiteElo "1222"]
[BlackElo "1155"]
[PlyCount "78"]
[EventDate "2022.??.??"]

1. c4 Nf6 2. Nc3 g6 3. d4 Bg7 4. e3 d6 5. Nf3 Nbd7 6. Be2 O-O 7. O-O e5 8. dxe5
dxe5 9. e4 c6 10. Bd2 Qc7 11. Qc1 Nc5 12. Bh6 Nfxe4 13. Bxg7 Kxg7 14. Nxe4 Nxe4
15. Qe3 Nf6 16. Ng5 Bf5 17. Bf3 h6 18. Ne4 Nxe4 19. Bxe4 Bxe4 20. Qxe4 Rfe8 21.
Rad1 Rad8 22. g4 Re6 23. f3 Rxd1 24. Rxd1 Qb6+ 25. Kh1 Qxb2 26. Rb1 Qf2 27. a4
b6 28. Qd3 Qd4 29. Qf1 e4 30. Rd1 Qe3 31. Re1 Qxf3+ 32. Qxf3 exf3 33. Rxe6 fxe6
34. Kg1 Kf6 35. Kf2 Ke5 36. Kxf3 Kd4 37. Kf4 e5+ 38. Kf3 e4+ 39. Ke2 Kxc4 0-1

[Event "OPEN INER 2022"]
[Site "salle des fÃªtes de Saint Deni"]
[Date "2022.10.13"]
[Round "3.20"]
[White "Gauthier, Keanu"]
[Black "Hoarau, Antoine"]
[Result "0-1"]
[WhiteElo "1099"]
[BlackElo "1246"]
[PlyCount "134"]
[EventDate "2022.??.??"]
[WhiteTeam "Echiquier de l'Ouest Saint-Paul"]
[BlackTeam "Club Echiquier du Nord"]

1. d4 Nf6 2. Bg5 d5 3. Bxf6 exf6 4. Nf3 Bd6 5. e3 O-O 6. c4 c6 7. cxd5 Bb4+ 8.
Nc3 Qxd5 9. Be2 Be6 10. O-O Qa5 11. Qc2 Nd7 12. a3 Bd6 13. b4 Qh5 14. Rfd1 g5
15. h3 Bxh3 16. gxh3 Qxh3 17. Ne4 g4 18. Nxd6 gxf3 19. Bf1 Qg4+ 20. Kh1 Qh4+
21. Kg1 Kh8 22. Nf5 Rg8+ 23. Ng3 Rg6 24. Qf5 Rag8 25. Qxf3 Rxg3+ 26. fxg3 Rxg3+
27. Qxg3 Qxg3+ 28. Kh1 Qxe3 29. Rd3 Qe4+ 30. Kh2 Ne5 31. Rdd1 Nf3+ 32. Kg3 Nxd4
33. Bg2 Nf5+ 34. Kh2 Qf4+ 35. Kg1 Ne3 36. Rd7 Nxg2 37. Rd8+ Kg7 38. Kxg2 Qe4+
39. Kf2 Qc2+ 40. Kf1 Qc4+ 41. Kf2 Qf4+ 42. Ke2 Qe5+ 43. Kf3 Qxa1 44. Rd3 Qf1+
45. Ke4 f5+ 46. Kd4 Qxd3+ 47. Kxd3 h5 48. Ke2 Kf6 49. Kf3 Kg5 50. Kg3 h4+ 51.
Kg2 Kg4 52. Kg1 Kg3 53. b5 f4 54. bxc6 bxc6 55. a4 f3 56. a5 f2+ 57. Kf1 a6 58.
Ke2 Kg2 59. Ke3 f1=Q 60. Kd2 h3 61. Kc3 h2 62. Kc2 h1=R 63. Kd2 Qe1+ 64. Kc2
Rh3 65. Kb2 Rc3 66. Ka2 Qd2+ 67. Ka1 Rc1# 0-1

[Event "OPEN INER 2022"]
[Site "salle des fêtes de Saint Denis"]
[Date "2022.10.13"]
[Round "3.21"]
[White "Bonin, Malo"]
[Black "Khantalina, Ilariya"]
[Result "1-0"]
[WhiteElo "1199"]
[BlackElo "1099"]
[PlyCount "141"]
[EventDate "2022.??.??"]

1. d4 d5 2. Bf4 c5 3. c3 Nc6 4. Nf3 Bf5 5. e3 e6 6. Be2 Nf6 7. h3 Be7 8. Nh4
Bxb1 9. Qxb1 Ne4 10. Bd3 Bxh4 11. Bxe4 dxe4 12. Qxe4 O-O 13. g3 Bf6 14. O-O-O
Qa5 15. Kb1 Qb5 16. h4 a5 17. g4 Qc4 18. g5 Be7 19. Qc2 Qd5 20. Rdg1 Qf5 21.
Qxf5 exf5 22. h5 cxd4 23. cxd4 b5 24. Rg2 f6 25. g6 h6 26. Rc1 Nb4 27. Rc7 Rfe8
28. Rb7 Nd3 29. Bg3 Ne1 30. Rg1 Nf3 31. Rd1 b4 32. d5 Ne5 33. d6 Bd8 34. Rd5
Kf8 35. Rc5 Nd3 36. Rc4 Ne5 37. Bxe5 fxe5 38. d7 Re7 39. Rc8 Rxd7 40. Rxa8 Rxb7
41. Rxd8+ Ke7 42. Rd5 Rc7 43. Rxe5+ Kf6 44. f4 a4 45. Rb5 a3 46. Rxb4 axb2 47.
Kxb2 Re7 48. Rb6+ Re6 49. Rxe6+ Kxe6 50. Kc3 Kd5 51. Kd3 Ke6 52. a4 Kd5 53. a5
Kc6 54. Kd4 Kd6 55. a6 Kc7 56. Ke5 Kb6 57. Ke6 Kxa6 58. Kf7 Kb5 59. Kxg7 Kc4
60. Kxh6 Kd3 61. g7 Kxe3 62. g8=Q Kxf4 63. Qc4+ Ke5 64. Kg5 f4 65. Qxf4+ Ke6
66. Qd4 Ke7 67. Qd5 Kf8 68. Qe6 Kg7 69. h6+ Kh8 70. Qe7 Kg8 71. Qg7# 1-0

[Event "OPEN INER 2022"]
[Site "salle des fêtes de Saint Denis"]
[Date "2022.10.13"]
[Round "3.22"]
[White "Lai-Cheung-Kit, Guillaume"]
[Black "Cheung, Gerard"]
[Result "1/2-1/2"]
[WhiteElo "1011"]
[BlackElo "1199"]
[PlyCount "99"]
[EventDate "2022.??.??"]

1. e4 c5 2. Nf3 Nc6 3. d4 cxd4 4. Nxd4 Nxd4 5. Qxd4 f6 6. Bc4 e6 7. Nc3 Qb6 8.
Qxb6 axb6 9. Nb5 Ra5 10. Bd2 Ra4 11. Bd3 d5 12. exd5 exd5 13. Nc7+ Kd8 14. Nxd5
Ne7 15. Nxb6 Rd4 16. Nxc8 Nxc8 17. O-O Bc5 18. Ba5+ b6 19. Bc3 Ra4 20. Rfd1 Nd6
21. b4 Bxb4 22. Bxb4 Rxb4 23. Rab1 Rxb1 24. Rxb1 Kc7 25. a4 Ra8 26. Bxh7 Rxa4
27. h3 Nc4 28. Re1 Kd6 29. Kh2 Ra3 30. f3 b5 31. Bd3 Rc3 32. Rd1 Nb2 33. Rb1
Nxd3 34. cxd3 Kc6 35. d4 Rd3 36. Rb4 Kb6 37. Kg3 Ka5 38. Rb1 Rxd4 39. f4 b4 40.
Kg4 Ka4 41. g3 b3 42. Ra1+ Kb4 43. Kf5 Rd7 44. h4 b2 45. Ra8 Kc3 46. Rc8+ Kd2
47. Rb8 Kc2 48. Rc8+ Kb1 49. h5 Rb7 50. Re8 1/2-1/2

[Event "OPEN INER 2022"]
[Site "salle des fêtes de Saint Denis"]
[Date "2022.10.13"]
[Round "3.24"]
[White "Lam Kin Cheung, Youn Ha"]
[Black "Cavillot-Delestage, Honore"]
[Result "0-1"]
[WhiteElo "1199"]
[BlackElo "1009"]
[PlyCount "13"]
[EventDate "2022.??.??"]

1. d4 d5 2. c3 Nc6 3. Nf3 Bf5 4. Nbd2 Nf6 5. e3 e6 6. Be2 Ne4 7. Rg1 (7. O-O) (
7. O-O Nxd2 8. Bxd2 Bd6 9. Ng5 Qxg5 10. e4 Qg6 11. exd5 exd5 12. Be3 Be4 13.
Qe1 Qxg2#) 0-1

[Event "OPEN INER 2022"]
[Site "salle des fêtes de Saint Denis"]
[Date "2022.10.13"]
[Round "3.24"]
[White "Lam Kin Cheung, Youn Ha"]
[Black "Cavillot-Delestage, Honore"]
[Result "0-1"]
[WhiteElo "1199"]
[BlackElo "1009"]
[PlyCount "26"]
[EventDate "2022.??.??"]

1. d4 d5 2. c3 Nc6 3. Nf3 Bf5 4. Nbd2 Nf6 5. e3 e6 6. Be2 Ne4 7. O-O Nxd2 8.
Bxd2 Bd6 9. Ng5 Qxg5 10. e4 Qg6 11. exd5 exd5 12. Be3 Be4 13. Qe1 Qxg2# 0-1

[Event "OPEN INER 2022"]
[Site "salle des fÃªtes de Saint Deni"]
[Date "2022.10.13"]
[Round "4.1"]
[White "Riviere, Etienne"]
[Black "Lutard, Florian"]
[Result "1/2-1/2"]
[WhiteElo "1886"]
[BlackElo "2045"]
[PlyCount "67"]
[EventDate "2022.??.??"]
[WhiteTeam "C.E. de L'Etang Sale"]
[BlackTeam "La Tour Saint Pierroise"]

1. e4 c5 2. Nf3 d6 3. d4 cxd4 4. Nxd4 Nf6 5. Nc3 a6 6. g3 e5 7. Nb3 Be7 8. Bg2
O-O 9. O-O Be6 10. h3 Nbd7 11. f4 Rc8 12. Be3 Qc7 13. Nd2 b5 14. f5 Bc4 15.
Nxc4 Qxc4 16. a3 Nc5 17. Qf3 d5 18. exd5 e4 19. Qf2 Nxd5 20. Nxd5 Qxd5 21. Rad1
Qc6 22. Qf4 Bf6 23. b4 Na4 24. Bxe4 Qc4 25. Bb7 Qxf4 26. Rxf4 Rxc2 27. Bxa6 Nc3
28. Rd2 Rxd2 29. Bxd2 Ra8 30. Bxc3 Bxc3 31. Bxb5 Rxa3 32. Rf1 Rb3 33. Rc1 Bxb4
34. Ba4 1/2-1/2

[Event "OPEN INER 2022"]
[Site "salle des fÃªtes de Saint Deni"]
[Date "2022.10.13"]
[Round "4.2"]
[White "De Peindray D'Ambell, Philippe"]
[Black "Mezouaghi, Miloud"]
[Result "1-0"]
[WhiteElo "1788"]
[BlackElo "1987"]
[PlyCount "79"]
[EventDate "2022.??.??"]
[WhiteTeam "Maison des Jeunes et de la Culture de St Beno"]
[BlackTeam "Echiquier du Lagon - EDL"]

1. e4 c5 2. Be2 Nc6 3. f4 d6 4. Nf3 g6 5. d3 Bg7 6. O-O e6 7. c3 Nge7 8. Qe1
Bd7 9. Na3 a6 10. Be3 b5 11. Nc2 b4 12. d4 bxc3 13. bxc3 Qa5 14. Bd2 cxd4 15.
Ncxd4 O-O 16. Kh1 Rfb8 17. Nb3 Qc7 18. Rc1 a5 19. Nbd4 Rb2 20. Nb5 Qb8 21. a4
Ra2 22. Qd1 Na7 23. Qb3 Rxd2 24. Nxd2 d5 25. e5 Nac6 26. Rb1 f6 27. c4 fxe5 28.
cxd5 exd5 29. Bf3 Nb4 30. fxe5 Bxe5 31. Rbe1 Be6 32. Ne4 Kh8 33. Ned6 Nec6 34.
Rxe5 Nxe5 35. Qc3 Nbd3 36. Be2 Qg8 37. Bxd3 Qg7 38. Nc7 Nxd3 39. Qxg7+ Kxg7 40.
Nxa8 1-0

[Event "OPEN INER 2022"]
[Site "salle des fÃªtes de Saint Deni"]
[Date "2022.10.13"]
[Round "4.3"]
[White "Fondrat, Johan"]
[Black "Triton, Maxime"]
[Result "1/2-1/2"]
[WhiteElo "1742"]
[BlackElo "1888"]
[Annotator "Portable,LRE"]
[PlyCount "22"]
[EventDate "2022.??.??"]
[WhiteTeam "Club d'Echecs Labourdonnais"]
[BlackTeam "Echiquier de l'Ouest Saint-Paul"]

1. e4 c5 2. c3 d5 3. exd5 Nf6 4. d4 (4. c4 e6 5. dxe6 Bxe6 6. Nf3 Nc6 7. b3 g6
8. Bb2 Bg7 9. Be2 O-O 10. O-O Qd7 11. Na3 Nh5 12. Bxg7 Kxg7 13. Ng5 Nf4 14.
Nxe6+ Qxe6 15. Bg4 Qd6 16. Nb5 Qf6 17. g3 Nd3 18. Nc7 Rad8 19. Nd5 Qd4 20. Kg2
h5 21. Be2 Ncb4 22. Bf3 Nxd5 23. Bxd5 b5 24. a3 Rfe8 25. Bc6 Re6 26. cxb5 h4
27. Ra2 Rdd6 28. Qa1 Qxa1 29. Raxa1 (29. Rfxa1 Re2 30. Rf1 Rf6 31. gxh4 Rfxf2+
32. Rxf2 Rxf2+ 33. Kg1 Rf4 34. Rc2 Rg4+ 35. Kf1 Rxh4 36. Rc3 Nf4 37. Rxc5 Kf6
38. Kg1 Rh3 39. Rc4 g5 40. a4 Rxb3 41. a5 Ke7 42. Re4+ Ne6 43. d4 Rb4 44. Kg2
Rxd4 45. a6) 29... Re2 30. Kf3 Rf6+) 4... e6 5. dxe6 Bxe6 6. Nf3 Nc6 7. b3 g6
8. Bb2 Bg7 9. Be2 O-O 10. O-O Qd7 11. Na3 Nh5 1/2-1/2